Možnosti využitia outsourcingu nákupných činností v podniku diplomová práca

Enregistré dans:
Détails bibliographiques
Auteur principal: Oravec, Peter
Collectivité auteur: Fakulta podnikového manažmentu EU. Katedra podnikovohospodárska
Autres auteurs: Majtán, Štefan
Format: Livre
Langue:slovaque
Publié: Bratislava 2008
Tags: Ajouter un tag
Pas de tags, Soyez le premier à ajouter un tag!

MARC

LEADER 00000nam$a2200000$$$4500
001 0086266
005 20240201115715.4
041 0 |a slo 
044 |a SK 
245 1 0 |a Možnosti využitia outsourcingu nákupných činností v podniku  |b diplomová práca  |c Peter Oravec ; škol. Štefan Majtán 
264 1 |a Bratislava  |c 2008 
300 |a 67 s. 
100 1 |a Oravec, Peter 
700 1 |a Majtán, Štefan 
710 2 |a Fakulta podnikového manažmentu EU. Katedra podnikovohospodárska